Informačné systémy v zdravotníctve I.

Gespeichert in:
Bibliographische Detailangaben
1. Verfasser: Gabčo, Ladislav, 1988- (Verfasst von)
Weitere Verfasser: Krajčušková, Zuzana, 1952- (Betreuung Doktorarbeit)
Format: Manuskript Buch
Sprache:Slowakisch
Veröffentlicht: Bratislava : STU v Bratislave FEI, 2010
Schlagworte:
Online-Zugang:VAIS
Tags: Tag hinzufügen
Keine Tags, Fügen Sie das erste Tag hinzu!

MARC

LEADER 00000ntm a22000003a 4500
001 stu209473
005 20150617230101.9
008 100818s2010------------------------slo-d
040 |a STU  |b slo 
041 0 |a slo 
100 1 |a Gabčo, Ladislav,  |d 1988-  |4 aut  |u E  |T FEI Fakulta elektrotechniky a informatiky  |X 35480  |U E  |Y 30  |7 A000035480 
242 0 0 |a Information systems in health care  |y eng 
245 1 |a Informačné systémy v zdravotníctve I. 
260 |a Bratislava :  |b STU v Bratislave FEI,  |c 2010 
300 |a 32 s 
650 7 |a module  |2 stusub 
650 7 |a Telekomunikácie  |2 stusub 
650 7 |a informačné systémy  |2 stusub 
650 7 |a zdravotníctvo  |2 stusub 
700 1 |a Krajčušková, Zuzana,  |d 1952-  |4 ths  |u E030  |U FEI Fakulta elektrotechniky a informatiky  |T FEI Ústav elektroniky a fotoniky  |X 1993  |U E030  |Y 549  |7 A000001993 
856 4 |a info a plný text  |u http://is.stuba.sk/zp/portal_zp.pl?podrobnosti=48964  |3 VAIS 
996 |b 284ER00037  |c E*Bc-37  |l EE16  |s P  |a 0  |w stu209473_0001